[Event "34th Chess Olympiad (women)"]
[Site "Istanbul"]
[Date "2000.11.12"]
[Round "14.34.1"]
[White "Wiesuriya, Vineetha"]
[Black "Connolly, Suzanne"]
[WhiteElo "2000"]
[BlackElo "2105"]
[WhiteCountry "SRI"]
[BlackCountry "IRL"]
[Result "0-1"]

1. d4 d5 2. Nf3 Nf6 3. Bg5 Nbd7 4. Nbd2 c6 5. c3 e6 6. e3 Bd6 7. e4 dxe4 
8. Nxe4 Be7 9. Bxf6 Nxf6 10. Bd3 O-O 11. O-O b6 12. Ne5 Bb7 13. Nxf6+ Bxf6 
14. Re1 Qc7 15. Re3 g6 16. f4 c5 17. Be4 Bxe4 18. Rxe4 Rfd8 19. Qe2 cxd4 
20. cxd4 Rac8 21. Rd1 Qc2 22. Rd2 Qb1+ 23. Rd1 Qxa2 24. Re3 Qd5 25. g4 Bxe5 
26. Rxe5 Qc4 27. Qf2 Rd5 28. Re2 Qb3 29. Red2 a5 30. Rd3 Qa4 31. R3d2 Qd7 
32. Qh4 Qd8 33. Qf2 Rc4 34. Rd3 Qf6 35. Kg2 g5 36. Kg3 Qxf4+ 37. Qxf4 gxf4+ 
38. Kxf4 Rc2 39. R3d2 Rxd2 40. Rxd2 Kg7 41. Ke4 h5 42. gxh5 Rxh5 43. Kf4 Rd5 
44. Rd3 b5 45. Rg3+ Kf6 46. Ke4 Rh5 47. h3 Rh4+ 48. Kd3 Ke7 49. Rf3 f5 
50. Kc3 Kd6 51. Re3 f4 52. Rf3 Kd5 53. Kd3 e5 54. dxe5 Kxe5 55. Ke2 a4 
56. Kd3 Kd5 57. Ke2 Ke4 58. Rc3 Rh5 59. Kf2 Rd5 60. Ke2 Rd4 61. Ke1 Rb4 
62. Rc2 Rb3 63. Rh2 Kf5 64. h4 Kg6 65. h5+ Kh6 66. Kd1 f3 67. Kc2 Re3 
68. Kd2 Re5 69. Rf2 Rf5 70. Kc3 Kxh5 71. Kb4 Kg4 
0-1

[Event "34th Chess Olympiad (women)"]
[Site "Istanbul"]
[Date "2000.11.12"]
[Round "14.34.2"]
[White "O`Siochru, Mairead"]
[Black "Konama, Anupama"]
[WhiteElo "2000"]
[BlackElo "2000"]
[WhiteCountry "IRL"]
[BlackCountry "SRI"]
[Result "1-0"]

1. e4 e6 2. d4 d5 3. exd5 exd5 4. c4 c6 5. Nc3 Nf6 6. Bd3 Be7 7. Nge2 O-O 
8. O-O Bd6 9. Ng3 Qc7 10. cxd5 cxd5 11. Nb5 Qd8 12. Nxd6 Qxd6 13. h3 Nc6 
14. Be3 Be6 15. Rc1 Rac8 16. Qf3 Qd7 17. Nh5 Nxh5 18. Qxh5 f5 19. Rfe1 g6 
20. Qh4 Qf7 21. Qf4 Qf6 22. f3 Rfe8 23. Bf2 Bf7 24. h4 Re6 25. Rxe6 Bxe6 
26. Re1 Qf7 27. Qd6 Re8 28. Rc1 Qd7 29. Qc5 Rc8 30. Qa3 a6 31. b3 Qg7 
32. Qb2 Nb4 33. Rxc8+ Bxc8 34. Qc3 Nc6 35. Bxa6 Qc7 36. Bb5 Qb6 
1-0

[Event "34th Chess Olympiad (women)"]
[Site "Istanbul"]
[Date "2000.11.12"]
[Round "14.34.3"]
[White "Rathayake, Chandra"]
[Black "Quinn, Deborah"]
[WhiteElo "2000"]
[BlackElo "2000"]
[WhiteCountry "SRI"]
[BlackCountry "IRL"]
[Result "1/2-1/2"]

1. e4 e5 2. Nf3 Nc6 3. Bc4 Nf6 4. Ng5 d5 5. exd5 Na5 6. Bb5+ c6 7. dxc6 bxc6 
8. Ba4 h6 9. Nf3 e4 10. Ne5 Qd5 11. f4 exf3 12. Nxf3 Bc5 13. Nc3 Qh5 14. d4 Bd6 
15. h3 Bg3+ 16. Kf1 Ba6+ 17. Kg1 O-O 18. b4 Nc4 19. Bxc6 Rac8 20. b5 Nd6 
21. Ba3 Nxb5 22. Nxb5 Rxc6 23. Bxf8 Bxb5 24. Bc5 a6 25. a4 Bc4 
1/2-1/2

[Event "34th Chess Olympiad (women)"]
[Site "Istanbul"]
[Date "2000.11.12"]
[Round "14.35.1"]
[White "Lopang, Tshepiso"]
[Black "Cinak, Nilufer"]
[WhiteElo "2000"]
[BlackElo "2057"]
[WhiteCountry "BOT"]
[BlackCountry "TURA"]
[Result "0-1"]

1. d4 Nf6 2. e3 g6 3. f4 Bg7 4. Bd3 d6 5. Nf3 Nbd7 6. Nbd2 O-O 7. O-O c5 
8. c3 e5 9. dxe5 dxe5 10. f5 Qe7 11. e4 b6 12. Qe2 Bb7 13. Re1 Rad8 14. Bc4 Ne8 
15. fxg6 hxg6 16. Nf1 Nd6 17. Bd3 Nf6 18. Ng3 Rd7 19. Bg5 Qe6 20. h4 Nh7 
21. h5 Qg4 22. h6 Bh8 23. Bh4 g5 24. Nxg5 Qxh4 25. Nxh7 Kxh7 26. Qf3 Rg8 
27. Nf5 Qf6 28. Kf2 Nxf5 29. Qxf5+ Qxf5+ 30. exf5 Rxd3 31. Rad1 Rxg2+ 
32. Kf1 Rh3 
0-1

[Event "34th Chess Olympiad (women)"]
[Site "Istanbul"]
[Date "2000.11.12"]
[Round "14.35.2"]
[White "Cavusoglu, Yildiz"]
[Black "Nakedi, Gloria"]
[WhiteElo "2000"]
[BlackElo "2000"]
[WhiteCountry "TURA"]
[BlackCountry "BOT"]
[Result "1-0"]

1. d4 d5 2. c4 e6 3. Nc3 Bb4 4. Nf3 Bd7 5. e3 Nf6 6. Qb3 Nc6 7. cxd5 exd5 
8. Bd3 Qe7 9. O-O Bxc3 10. bxc3 Na5 11. Qc2 O-O-O 12. a4 h6 13. Ba3 Qe8 
14. Bb4 Nc6 15. Rfc1 Ne4 16. Rab1 Nxb4 17. cxb4 c6 18. b5 f6 19. a5 Kc7 
20. Nd2 Nd6 21. b6+ axb6 22. axb6+ Kc8 23. Nb3 Kb8 24. Qa2 Nc8 25. Nc5 Nxb6 
26. Rxb6 Kc7 27. Rxb7+ Kd6 28. Qa5 g6 29. Nxd7 Rxd7 30. Rxd7+ Qxd7 31. Qc5+ Ke6 
32. Qxc6+ Qd6 33. Qb5 Rb8 34. Qc6 Rg8 35. Qxd6+ Kxd6 36. g3 g5 37. Ra1 h5 
38. Ra6+ Ke7 39. Bf5 Rd8 40. Ra7+ Kd6 41. Rf7 
1-0

[Event "34th Chess Olympiad (women)"]
[Site "Istanbul"]
[Date "2000.11.12"]
[Round "14.35.3"]
[White "Sabure, Tuduetso"]
[Black "Yildiz, Betul"]
[WhiteElo "2000"]
[BlackElo "2000"]
[WhiteCountry "BOT"]
[BlackCountry "TURA"]
[Result "1-0"]

1. d4 d5 2. Nc3 Nf6 3. Bf4 c6 4. e3 Bf5 5. Bd3 e6 6. Nf3 Nbd7 7. h3 Bb4 
8. O-O O-O 9. Bxf5 exf5 10. Ne5 Re8 11. g4 fxg4 12. Nxg4 Bxc3 13. bxc3 Ne4 
14. Qd3 Ndf6 15. f3 Nxg4 16. hxg4 Ng5 17. Kg2 Ne6 18. Bg3 Qg5 19. Rh1 Nf8 
20. Kf2 Re6 21. Rh5 Qe7 22. Rah1 g6 23. R5h3 f6 24. f4 Re8 25. Bh2 Re4 
26. a4 Qa3 27. Rb1 R8e7 28. c4 Qxa4 29. cxd5 cxd5 30. Rb5 Qa2 31. Qb3 Qxb3 
32. cxb3 Rd7 33. Kf3 Re8 34. f5 g5 35. Bg3 b6 36. Rh2 Rc8 37. Ra2 Rc1 
38. Bb8 Rc8 39. Bg3 Kf7 40. Rb4 Ke7 41. Rba4 Ra8 42. e4 dxe4+ 43. Kxe4 a5 
44. b4 Rda7 45. bxa5 Rxa5 46. Rxa5 Rxa5 47. Rb2 Ra6 48. Bc7 Nd7 49. Kd5 Ra7 
50. Kc6 Ra6 51. Re2+ 
1-0

[Event "34th Chess Olympiad (women)"]
[Site "Istanbul"]
[Date "2000.11.12"]
[Round "14.36.1"]
[White "Pacheco, Hilzandryly"]
[Black "Al -Jindi, Nibal"]
[WhiteElo "2000"]
[BlackElo "2000"]
[WhiteCountry "PUR"]
[BlackCountry "SYR"]
[Result "1-0"]

1. d4 e6 2. c4 d5 3. Nc3 Nf6 4. cxd5 exd5 5. Bg5 Be7 6. e3 c6 7. Bd3 Nbd7 
8. Nge2 Ne4 9. Bxe7 Qxe7 10. Qc2 Ndf6 11. O-O O-O 12. a3 Bg4 13. f3 Nxc3 
14. Qxc3 Qxe3+ 15. Kh1 Bd7 16. Bxh7+ 
1-0

[Event "34th Chess Olympiad (women)"]
[Site "Istanbul"]
[Date "2000.11.12"]
[Round "14.36.2"]
[White "Khalifeh, Diana"]
[Black "Martinez, Natiska"]
[WhiteElo "2000"]
[BlackElo "2000"]
[WhiteCountry "SYR"]
[BlackCountry "PUR"]
[Result "0-1"]

1. e4 e5 2. Nf3 Nc6 3. d4 exd4 4. Nxd4 Bc5 5. Be3 Bxd4 6. Bxd4 Nxd4 7. Qxd4 Qf6 
8. e5 Qe7 9. Bc4 d6 10. f4 dxe5 11. fxe5 Be6 12. O-O Nh6 13. Bxe6 Qxe6 
14. Nc3 Qb6 15. Qxb6 axb6 16. Nd5 Rc8 17. Rae1 b5 18. e6 f6 19. Rf3 c6 
20. Nb6 Rc7 21. Rd3 O-O 22. Rd7 Rxd7 23. Nxd7 Re8 24. h3 Nf5 25. c3 Nd6 
26. Kf2 Nf5 27. Re2 Nh4 28. Nc5 Ng6 29. Nxb7 Nf4 30. Re3 Rxe6 31. Rxe6 Nxe6 
32. Ke3 Kf7 33. b3 Ke7 34. a4 bxa4 35. bxa4 Kd7 36. a5 Kc7 37. a6 Kb6 
38. Nd6 Kxa6 39. Nf5 Kb5 40. Nd6+ Kc5 41. Ne4+ Kc4 42. Kd2 Nf4 43. Nd6+ Kc5 
44. Ne8 Nxg2 45. Nxg7 Nf4 46. h4 Kc4 47. Ne8 Nd5 48. h5 Kc5 49. Ng7 Kd6 
50. c4 Nf4 51. Nf5+ Ke5 52. Ng3 Kd4 53. h6 Kxc4 54. Ne4 Nd5 55. Nd6+ Kd4 
56. Nf5+ Ke5 57. Ng3 c5 
0-1

[Event "34th Chess Olympiad (women)"]
[Site "Istanbul"]
[Date "2000.11.12"]
[Round "14.36.3"]
[White "Basem-Hassan, Mirian"]
[Black "Mir Mahmoud, Afamia"]
[WhiteElo "2000"]
[BlackElo "2000"]
[WhiteCountry "PUR"]
[BlackCountry "SYR"]
[Result "0-1"]

1. e4 c5 2. Nf3 e6 3. d4 cxd4 4. Nxd4 Nf6 5. Bd3 a6 6. O-O Qc7 7. Kh1 b5 
8. f4 d6 9. Qe2 Nbd7 10. c4 bxc4 11. Bxc4 Bb7 12. Nc3 Nb6 13. Bb3 Rc8 
14. Bd2 Nc4 15. Ba4+ Nd7 16. Rab1 Nxd2 17. Qxd2 Be7 18. f5 e5 19. Nf3 Bc6 
20. Bb3 Nf6 21. Rfe1 Qb7 22. Qd3 Ng4 23. Re2 Qa7 24. Rf1 O-O 25. h3 Nf6 
26. g4 Nd7 27. Qd2 Nc5 28. Bd5 Bxd5 29. Nxd5 Rfd8 30. g5 Bf8 31. Qe3 Qb7 
32. b3 Qb5 33. Rd1 Rc6 34. Red2 Rdc8 35. f6 g6 36. Qf2 Nxe4 37. Qh4 Nxd2 
38. Ne7+ Bxe7 39. fxe7 Nxf3 40. Qf2 e4 41. Qg3 Qxg5 
0-1

[Event "34th Chess Olympiad (women)"]
[Site "Istanbul"]
[Date "2000.11.12"]
[Round "14.37.1"]
[White "Tan, Winnie"]
[Black "Gretarsdottir, Lilja"]
[WhiteElo "2000"]
[BlackElo "2000"]
[WhiteCountry "SIN"]
[BlackCountry "ISL"]
[Result "1/2-1/2"]

1. e4 c5 2. Nf3 d6 3. Be2 Nf6 4. c3 g6 5. O-O Bg7 6. Re1 O-O 7. Bc4 Nc6 
8. d3 a6 9. a4 Rb8 10. Na3 Bg4 11. h3 Bxf3 12. Qxf3 Ne5 13. Qe2 Nxc4 
14. dxc4 Nd7 15. Nc2 Qa5 16. Bg5 Rfe8 17. Ne3 Nf6 18. Bxf6 Bxf6 19. f4 Bg7 
20. g4 Qd8 21. Kf2 e6 22. g5 h6 23. h4 e5 24. Qg4 exf4 25. Nd5 Re5 26. Rg1 Rxe4 
27. gxh6 Bxh6 28. Rae1 Rxe1 29. Rxe1 Kf8 30. h5 Qg5 31. Qd7 Rd8 32. Qc7 Qg3+ 
33. Kf1 Qf3+ 34. Kg1 Qg3+ 35. Kf1 Bg5 36. Re7 Qf3+ 37. Kg1 Qg3+ 38. Kf1 Qf3+ 
39. Kg1 Qg3+ 40. Kf1 Qf3+ 
1/2-1/2

[Event "34th Chess Olympiad (women)"]
[Site "Istanbul"]
[Date "2000.11.12"]
[Round "14.37.2"]
[White "Ingolfsdottir, Harpa"]
[Black "Xu, Yaping"]
[WhiteElo "2100"]
[BlackElo "2000"]
[WhiteCountry "ISL"]
[BlackCountry "SIN"]
[Result "1/2-1/2"]

1. e4 c5 2. Nf3 d6 3. d4 cxd4 4. Nxd4 Nf6 5. Nc3 a6 6. f3 e5 7. Nb3 Be6 
8. Bg5 Be7 9. Qd2 b5 10. Bxf6 Bxf6 11. Nd5 Bg5 12. Qd3 Nd7 13. g3 O-O 
14. h4 Bxd5 15. hxg5 Bxb3 16. axb3 Qxg5 17. Kf2 Nf6 18. Be2 Rfd8 19. Rad1 d5 
20. Rh4 g6 21. exd5 Rxd5 22. Qe3 Qxe3+ 23. Kxe3 Rxd1 24. Bxd1 Nh5 25. g4 Nf4 
26. Rh1 Rc8 27. c3 Kg7 28. Bc2 Rd8 29. Ra1 Rd6 30. Ke4 f6 31. Ke3 h5 
32. gxh5 gxh5 33. Rg1+ Kh6 34. Rg8 h4 35. Rh8+ Kg5 36. Rg8+ Kh6 37. Rh8+ Kg7 
38. Rh7+ Kg8 39. Ra7 Ng2+ 40. Ke2 Nf4+ 41. Ke3 Kf8 42. Bf5 Nd5+ 43. Ke2 Ne7 
44. Ra8+ Kf7 45. Ra7 Rd8 46. Bg4 Rh8 47. Bh3 Rg8 48. Kf2 Rd8 49. Ke2 
1/2-1/2

[Event "34th Chess Olympiad (women)"]
[Site "Istanbul"]
[Date "2000.11.12"]
[Round "14.37.3"]
[White "Liu, Yang"]
[Black "Larusdottir, Aldis"]
[WhiteElo "2000"]
[BlackElo "2000"]
[WhiteCountry "SIN"]
[BlackCountry "ISL"]
[Result "1/2-1/2"]

1. d4 d5 2. c4 c6 3. Nf3 Nf6 4. Nc3 dxc4 5. a4 Bf5 6. e3 Nbd7 7. Bxc4 e6 
8. O-O Be7 9. Qe2 Bg6 10. Nd2 O-O 11. e4 e5 12. d5 cxd5 13. Nxd5 Rc8 
14. Nxe7+ Qxe7 15. b3 Nc5 16. Ba3 Qc7 17. f3 Rfd8 18. Bxc5 Qxc5+ 19. Kh1 Qb4 
20. Rfd1 Rd4 21. Nf1 Rcd8 22. Rxd4 Rxd4 23. Rd1 Qd6 24. Rxd4 Qxd4 25. Qd3 Qxd3 
26. Bxd3 Nd7 27. Ng3 f6 28. Bc4+ Bf7 29. Bxf7+ Kxf7 30. b4 g6 31. Ne2 b6 
32. Kg1 Ke6 33. Nc3 a5 34. b5 Nc5 35. Kf2 h6 36. Ke3 h5 37. Kd2 f5 38. Kc2 h4 
39. h3 f4 40. Kd1 Nd3 41. Kd2 Nb4 42. Nd1 Kd6 43. Kc3 Kc5 44. Nb2 Na2+ 
45. Kb3 Nc1+ 46. Kc3 Na2+ 
1/2-1/2

[Event "34th Chess Olympiad (women)"]
[Site "Istanbul"]
[Date "2000.11.12"]
[Round "14.38.1"]
[White "Phiri, Catherine"]
[Black "Lai, Xiaoqing"]
[WhiteElo "2000"]
[BlackElo "2000"]
[WhiteCountry "ZAM"]
[BlackCountry "JPN"]
[Result "0-1"]

1. e4 c5 2. Nf3 d6 3. d4 cxd4 4. Nxd4 Nf6 5. Nc3 a6 6. a4 e6 7. Be2 Be7 
8. O-O O-O 9. Be3 Nc6 10. Nxc6 bxc6 11. a5 c5 12. f4 Bb7 13. Bf3 Qc7 14. Qe1 d5 
15. Bd2 Rad8 16. e5 Nd7 17. Qg3 Rfe8 18. h4 Nb8 19. Rad1 Nc6 20. f5 Nxe5 
21. Bf4 Bd6 22. f6 Ng6 23. Bxd6 Qxd6 24. Qg5 Qf4 25. Ne2 Qxf6 26. Qxf6 gxf6 
27. Bh5 f5 28. Rf2 d4 29. Rd3 Re7 30. Rg3 Kh8 31. Bxg6 fxg6 32. Nf4 e5 
33. Nd3 Rc8 34. Kh2 c4 35. Nb4 Rc5 36. h5 Re6 37. hxg6 hxg6 38. Re2 Rxa5 
39. b3 Rb5 40. Na2 cxb3 41. cxb3 e4 42. Rc2 Bc6 43. Nc1 f4 44. Rh3+ Kg7 
45. Rc4 d3 46. Nxd3 exd3 47. Rxd3 Rh5+ 48. Kg1 Bb5 49. Rc7+ Kf6 50. Rd1 Rhe5 
51. Rcc1 Kg5 52. Kh2 Kg4 53. Rd4 Re2 54. Rc3 Bc6 55. Rg3+ Kf5 56. Rgd3 Rxg2+ 
57. Kh3 Rg1 58. Rd5+ Bxd5 59. Rxd5+ Re5 60. Rd6 Rg3+ 61. Kh2 Re2+ 62. Kh1 Rc3 
63. Rd1 Rh3+ 64. Kg1 f3 65. Rf1 Rg2# 
0-1

[Event "34th Chess Olympiad (women)"]
[Site "Istanbul"]
[Date "2000.11.12"]
[Round "14.38.2"]
[White "Watai, Miyoko"]
[Black "Banda, Mercy"]
[WhiteElo "2000"]
[BlackElo "2000"]
[WhiteCountry "JPN"]
[BlackCountry "ZAM"]
[Result "1-0"]

1. d4 d6 2. Nf3 g6 3. g3 Bg7 4. Bg2 Nf6 5. c4 c6 6. Nc3 O-O 7. O-O d5 
8. cxd5 Nxd5 9. Nxd5 Qxd5 10. b3 Rd8 11. Bb2 Nd7 12. Qd2 Nf6 13. Rfd1 Ng4 
14. Qb4 Qd6 15. Qe1 Be6 16. Rac1 Nf6 17. Qa5 h6 18. Ne5 Bf8 19. Ba3 Qb8 
20. Qe1 Qc8 21. e4 Bh3 22. Bh1 Qe6 23. Bb2 Nd7 24. d5 cxd5 25. exd5 Qa6 
26. Nxd7 Rxd7 27. Qc3 f6 28. Rd4 f5 29. Rh4 Bg4 30. Qh8+ Kf7 31. Rxh6 Bxh6 
32. Qh7+ Ke8 33. Qxh6 Rdd8 34. Rc7 Qd6 35. Qh8+ Kf7 36. Qg7+ Ke8 37. Qg8# 
1-0

[Event "34th Chess Olympiad (women)"]
[Site "Istanbul"]
[Date "2000.11.12"]
[Round "14.38.3"]
[White "Munsaka, Laura"]
[Black "Nakagawa, Emiko"]
[WhiteElo "2000"]
[BlackElo "2000"]
[WhiteCountry "ZAM"]
[BlackCountry "JPN"]
[Result "0-1"]

1. e4 c6 2. Nf3 d5 3. exd5 cxd5 4. d4 Bg4 5. Be2 Nf6 6. O-O e6 7. Re1 Be7 
8. Ne5 Bxe2 9. Qxe2 O-O 10. Bg5 Nbd7 11. Qf3 Ne4 12. Bxe7 Qxe7 13. Nc3 Ndf6 
14. a4 Nxc3 15. Qxc3 Rac8 16. Qd3 Qb4 17. b3 Rc3 18. Rac1 Rxd3 19. Nxd3 Qe7 
20. c4 dxc4 21. bxc4 Qd7 22. Nc5 Qc6 23. Red1 b6 24. Nd3 Qxa4 25. Nb2 Qd7 
26. c5 Nd5 27. c6 Qc7 28. Nd3 Rc8 29. Ne5 f6 30. Nd7 Qd6 31. Ra1 Rxc6 
32. Rxa7 Rc7 33. Ra8+ Kf7 34. Rf8+ Kg6 35. Ne5+ fxe5 36. Rf3 Rc3 37. dxe5 Qxe5 
38. Rf8 Qc7 39. g3 Rc1 40. Rxc1 Qxc1+ 41. Kg2 b5 42. Re8 Qc6 43. Rf8 b4 
44. f4 Qc2+ 45. Kg1 b3 46. g4 Qd1+ 47. Kg2 Qxg4+ 
0-1

[Event "34th Chess Olympiad (women)"]
[Site "Istanbul"]
[Date "2000.11.12"]
[Round "14.39.1"]
[White "Minnaar, Michelle"]
[Black "Mendes, Alves"]
[WhiteElo "2062"]
[BlackElo "2000"]
[WhiteCountry "RSA"]
[BlackCountry "ANG"]
[Result "1-0"]

1. d4 Nf6 2. Nf3 e6 3. Bg5 Be7 4. Nbd2 O-O 5. e3 b6 6. Bd3 Bb7 7. c3 d5 
8. Qc2 Nbd7 9. O-O Rc8 10. Bxf6 Nxf6 11. Ne5 c5 12. f4 c4 13. Be2 Ne4 
14. Nxe4 dxe4 15. Nxc4 f5 16. Ne5 Rf6 17. a4 Rh6 18. g3 a5 19. Qd2 Qf8 
20. Rab1 Rd8 21. b4 axb4 22. cxb4 Qf6 23. Bb5 g5 24. Kh1 gxf4 25. gxf4 Kh8 
26. Rg1 Qh4 27. Nf7# 
1-0

[Event "34th Chess Olympiad (women)"]
[Site "Istanbul"]
[Date "2000.11.12"]
[Round "14.39.2"]
[White "Afonso, Vieira"]
[Black "Meyer, Marany"]
[WhiteElo "2000"]
[BlackElo "2087"]
[WhiteCountry "ANG"]
[BlackCountry "RSA"]
[Result "1-0"]

1. e4 d6 2. d4 Nf6 3. Nc3 g6 4. Nf3 Bg7 5. Bg5 O-O 6. h3 Nc6 7. Bd3 e5 
8. d5 Ne7 9. O-O Nd7 10. Bxe7 Qxe7 11. Ne2 f5 12. Nh2 f4 13. f3 h5 14. Kh1 g5 
15. Rf2 Nf6 16. Qg1 g4 17. fxg4 hxg4 18. hxg4 Nxg4 19. Nxg4 Bxg4 20. g3 f3 
21. Nc3 Kf7 22. Qf1 Kg6 23. Kg1 Qg5 24. Nd1 Bh5 25. Qh3 Bg4 26. Qf1 Rh8 
27. Rxf3 Bxf3 28. Qxf3 Raf8 29. Qg2 Rh6 30. Nf2 Qe3 31. Kf1 Rh1+ 
1-0

[Event "34th Chess Olympiad (women)"]
[Site "Istanbul"]
[Date "2000.11.12"]
[Round "14.40.1"]
[White "Mak, Sharon"]
[Black "Smith, Vivian"]
[WhiteElo "2000"]
[BlackElo "2000"]
[WhiteCountry "MAC"]
[BlackCountry "NZL"]
[Result "1/2-1/2"]

1. e4 c5 2. d4 cxd4 3. Qxd4 Nc6 4. Qc3 e6 5. a3 d6 6. Bb5 Bd7 7. Be3 Rc8 
8. Qd2 a6 9. Ba4 Qc7 10. Nc3 Nf6 11. f3 Be7 12. Nge2 O-O 13. Bb3 Na5 
14. Ba2 Nc4 15. Bxc4 Qxc4 16. b3 Qc7 17. a4 b6 18. O-O Bc6 19. Bf4 Bb7 
20. Rad1 Rfd8 21. Rc1 Nd7 22. Rfd1 Nf6 23. Qe1 Qc5+ 24. Qf2 Qxf2+ 25. Kxf2 Rc6 
26. Rd3 Rdc8 27. Kg1 h6 28. e5 dxe5 29. Bxe5 Bb4 30. Kh1 Kh7 31. g4 Nd5 
32. Nxd5 exd5 33. c3 Ba3 34. Rc2 Re6 35. Bd4 Bc5 36. Kg1 Rce8 37. Kf2 Bf8 
38. h4 g5 39. h5 Bc5 40. Ng3 Bc6 41. Nf5 Bb7 42. b4 Bf8 43. Ra2 Rc8 44. b5 a5 
45. Rc2 Rc4 46. Ra2 Rc8 47. Re3 Bc5 48. Rae2 
1/2-1/2

[Event "34th Chess Olympiad (women)"]
[Site "Istanbul"]
[Date "2000.11.12"]
[Round "14.40.2"]
[White "Mikhailik, Eleonora"]
[Black "Choi, Kuan"]
[WhiteElo "2000"]
[BlackElo "2000"]
[WhiteCountry "NZL"]
[BlackCountry "MAC"]
[Result "1-0"]

1. e4 e5 2. Bc4 Bc5 3. Nf3 Nc6 4. d3 Nge7 5. Ng5 d5 6. exd5 Nxd5 7. Qf3 f6 
8. Bxd5 Qe7 9. Bxc6+ Bd7 10. Bxd7+ Qxd7 11. Ne4 Be7 12. Nbc3 c6 13. Be3 b6 
14. O-O-O Qe6 15. d4 Rf8 16. Qh5+ g6 17. Qxh7 g5 18. Qg6+ Rf7 19. dxe5 Qxe5 
20. Bd4 Qf5 21. Kb1 Rb8 22. Rhe1 Rb7 23. Bxf6 Bxf6 24. Nd6+ 
1-0

[Event "34th Chess Olympiad (women)"]
[Site "Istanbul"]
[Date "2000.11.12"]
[Round "14.40.3"]
[White "Dylis Ma, Pui"]
[Black "Courtney, Helen"]
[WhiteElo "2000"]
[BlackElo "2000"]
[WhiteCountry "MAC"]
[BlackCountry "NZL"]
[Result "0-1"]

1. e4 e6 2. d4 d5 3. exd5 exd5 4. Nf3 Nf6 5. Bd3 Bd6 6. O-O O-O 7. Re1 Bg4 
8. Nbd2 Nbd7 9. c3 Re8 10. Be2 Ne4 11. Nxe4 dxe4 12. Nd2 Bxe2 13. Rxe2 Nf6 
14. Nc4 Bxh2+ 15. Kxh2 Ng4+ 16. Kg1 Qh4 17. Be3 Qh2+ 
0-1

[Event "34th Chess Olympiad (women)"]
[Site "Istanbul"]
[Date "2000.11.12"]
[Round "14.41.1"]
[White "Shabanaj, Eglantina"]
[Black "Al-Gurshi, Buthaina"]
[WhiteElo "2176"]
[BlackElo "2000"]
[WhiteCountry "ALB"]
[BlackCountry "YEM"]
[Result "1-0"]

1. d4 d5 2. c4 Nf6 3. Nc3 e6 4. a3 h6 5. Nf3 Nc6 6. e3 Be7 7. cxd5 exd5 
8. Bd3 Bg4 9. h3 Bh5 10. g4 Bg6 11. Bxg6 fxg6 12. Qd3 Kf7 13. Ne5+ Nxe5 
14. dxe5 d4 15. Qc4+ 
1-0

[Event "34th Chess Olympiad (women)"]
[Site "Istanbul"]
[Date "2000.11.12"]
[Round "14.41.2"]
[White "Abdulsalam, Rawidah"]
[Black "Cima, Rozana"]
[WhiteElo "2000"]
[BlackElo "2055"]
[WhiteCountry "YEM"]
[BlackCountry "ALB"]
[Result "0-1"]

1. e4 e5 2. Nf3 Nc6 3. Bb5 d6 4. d4 exd4 5. Bxc6+ bxc6 6. Nxd4 Bb7 7. Nc3 Nf6 
8. Qd3 h6 9. O-O Qd7 10. Re1 Be7 11. Bf4 O-O 12. Bxh6 gxh6 13. Qg3+ Qg4 
14. Nf5 Qxg3 15. Nxe7+ Kh7 16. fxg3 Rfe8 17. Nf5 c5 18. Kf2 Nxe4+ 19. Nxe4 Bxe4 
20. Ne3 d5 21. c3 Re6 22. Rad1 c6 23. c4 d4 24. Nf1 Rb8 25. Rd2 f5 26. a3 Rb3 
27. h4 Rg6 28. Nh2 Rbxg3 
0-1

[Event "34th Chess Olympiad (women)"]
[Site "Istanbul"]
[Date "2000.11.12"]
[Round "14.41.3"]
[White "Shabanaj, Alda"]
[Black "Raweh, Adeela"]
[WhiteElo "2000"]
[BlackElo "2000"]
[WhiteCountry "ALB"]
[BlackCountry "YEM"]
[Result "1-0"]

1. d4 d5 2. c4 c6 3. Nf3 h6 4. Bf4 Bf5 5. e3 Nf6 6. Be2 Nbd7 7. O-O e6 
8. Nc3 Be7 9. Rc1 O-O 10. Qb3 Qb6 11. cxd5 Qxb3 12. axb3 Nxd5 13. Bg3 Nb4 
14. e4 Bg6 15. Nd2 Rad8 16. Rfd1 Nb6 17. Nc4 Nd7 18. Nd6 b6 19. Ra1 a5 
20. Rac1 Nb8 21. Nc4 Nd7 22. Bc7 Ra8 23. Bxb6 Nxb6 24. Nxb6 Rad8 25. Nc4 Ra8 
26. Ne5 Bh7 27. f3 Rfb8 28. Na4 Bg5 29. Rc4 Ra6 30. Rxb4 Rxb4 31. Bxa6 Rxb3 
32. Nxc6 Re3 33. Kf2 Rb3 34. Bc4 Rb7 35. Nxa5 Rb4 36. b3 Bd8 37. Nc6 Rxc4 
38. bxc4 Bc7 39. Rb1 Bxh2 40. g3 g5 41. Kg2 
1-0

[Event "34th Chess Olympiad (women)"]
[Site "Istanbul"]
[Date "2000.11.12"]
[Round "14.42.1"]
[White "Hind, Bahji"]
[Black "Mody, Ila"]
[WhiteElo "2000"]
[BlackElo "2000"]
[WhiteCountry "MAR"]
[BlackCountry "ISV"]
[Result "1-0"]

1. d4 f5 2. c4 Nf6 3. Nc3 e6 4. e3 c6 5. Bd3 d5 6. Nge2 Bd6 7. O-O O-O 
8. f3 Qc7 9. g3 Na6 10. a3 c5 11. cxd5 Nxd5 12. Nb5 Qe7 13. Nxd6 Qxd6 
14. Bxa6 bxa6 15. e4 Ne7 16. exf5 Rxf5 17. Be3 Bb7 18. dxc5 Qxd1 19. Raxd1 Rxf3 
20. Rxf3 Bxf3 21. Rd2 Bxe2 22. Rxe2 Rd8 23. Bf4 Kf7 24. Bd6 Nc6 25. Rf2+ Ke8 
26. Rf8+ Kd7 27. Rf7+ Kc8 28. Rc7+ Kb8 29. Rxc6+ Ka8 30. Rc7 Rg8 31. c6 Rb8 
32. Rd7 Rc8 33. c7 Kb7 34. Rd8 Rxc7 35. Bxc7 Kxc7 36. Rg8 Kd6 37. Rxg7 e5 
38. Rxh7 Kd5 39. Rxa7 
1-0

[Event "34th Chess Olympiad (women)"]
[Site "Istanbul"]
[Date "2000.11.12"]
[Round "14.42.2"]
[White "Murphy, Margaret"]
[Black "Amina, Oubaaqua"]
[WhiteElo "2000"]
[BlackElo "2000"]
[WhiteCountry "ISV"]
[BlackCountry "MAR"]
[Result "0-1"]

1. d4 Nf6 2. Nf3 g6 3. e3 Bg7 4. Bd3 d6 5. Nbd2 O-O 6. O-O Bg4 7. c3 Nc6 
8. Qc2 Re8 9. Re1 e5 10. e4 d5 11. exd5 Nxd5 12. Be4 exd4 13. Nb3 Bxf3 
14. gxf3 Qh4 
0-1

[Event "34th Chess Olympiad (women)"]
[Site "Istanbul"]
[Date "2000.11.12"]
[Round "14.42.3"]
[White "Zahira, El"]
[Black "Oliver, Patricia"]
[WhiteElo "2000"]
[BlackElo "2000"]
[WhiteCountry "MAR"]
[BlackCountry "ISV"]
[Result "1-0"]

1. d4 d5 2. e3 Nf6 3. c4 e6 4. Nc3 g6 5. Nf3 Bg7 6. Bd3 O-O 7. O-O Re8 
8. Re1 b6 9. Qc2 c5 10. Bd2 cxd4 11. exd4 dxc4 12. Be4 Bb7 13. Bxb7 Nbd7 
14. Bxa8 Qxa8 15. Nb5 Qb8 16. Qxc4 a6 17. Nc3 Qc8 18. Qf1 Ng4 19. Ne4 Qc7 
20. Rac1 Qb8 21. h3 Ngf6 22. Nxf6+ Bxf6 23. Qxa6 e5 24. dxe5 Be7 25. Qb5 Qb7 
26. e6 fxe6 27. Rxe6 
1-0

[Event "34th Chess Olympiad (women)"]
[Site "Istanbul"]
[Date "2000.11.12"]
[Round "14.43.1"]
[White "Murioz, Carolina"]
[Black "Zsiltzova-Lisenko, Lubov"]
[WhiteElo "2000"]
[BlackElo "2273"]
[WhiteCountry "CRC"]
[BlackCountry "IBSA"]
[Result "0-1"]

1. e4 c5 2. Nc3 Nc6 3. g3 g6 4. Bg2 Bg7 5. d3 d6 6. f4 e6 7. Nf3 Nge7 
8. O-O O-O 9. Be3 Nd4 10. Rb1 b6 11. e5 Nxf3+ 12. Bxf3 d5 13. Bf2 Bd7 
14. a4 Rc8 15. b3 a6 16. Qd2 Nc6 17. Ne2 f6 18. exf6 Qxf6 19. Bg2 Kh8 
20. Kh1 d4 21. Ng1 Bh6 22. Nf3 a5 23. Rbe1 e5 24. Qe2 exf4 25. gxf4 Bxf4 
26. Bh4 Qg7 27. Ng5 Rce8 28. Ne4 Be5 29. Rxf8+ Rxf8 30. Kg1 h6 31. Nxc5 bxc5 
32. Bxc6 Bf4 33. Bg2 Be3+ 34. Kh1 h5 35. Rf1 Bg4 36. Qe1 g5 37. Bg3 h4 
38. Bd6 Rd8 39. Bxc5 Qc7 40. b4 h3 41. Be4 Qe5 42. Rf7 Kg8 43. Qf1 Bf4 
44. Re7 Qf6 45. Qf2 axb4 46. Bxb4 Rb8 47. Qe1 Be3 48. Bh7+ Kh8 49. Rxe3 Rxb4 
50. Rg3 Kxh7 51. Qe4+ Bf5 52. Qe1 Rxa4 53. Qf1 Kg6 54. Rf3 Ra2 
0-1

[Event "34th Chess Olympiad (women)"]
[Site "Istanbul"]
[Date "2000.11.12"]
[Round "14.43.2"]
[White "Maeckelberg, Mieke"]
[Black "Ramirez, Karla"]
[WhiteElo "2000"]
[BlackElo "2000"]
[WhiteCountry "IBSA"]
[BlackCountry "CRC"]
[Result "1/2-1/2"]

1. e4 e5 2. Nf3 Nc6 3. Bc4 Bc5 4. c3 Nf6 5. d4 exd4 6. cxd4 Bb4+ 7. Bd2 Bxd2+ 
8. Nbxd2 d5 9. exd5 Nxd5 10. Qb3 Na5 11. Qa4+ Nc6 12. Qb3 Na5 13. Qa4+ Nc6 
14. O-O O-O 15. Bxd5 Qxd5 16. Rac1 Bg4 17. Rc5 Qd8 18. Rfc1 Bd7 19. Qc2 Ne7 
20. Ng5 Ng6 21. h4 h6 22. Nxf7 Rxf7 23. Qxg6 Bc6 24. Qe6 Qxd4 25. Rf5 Raf8 
26. Nf3 Qd6 27. Qxd6 cxd6 28. Rxf7 Rxf7 29. Nd4 Bd5 30. a3 a6 31. g3 Kh7 
32. f4 g6 33. Kf2 Re7 34. Rc2 h5 35. Re2 Rxe2+ 36. Kxe2 Kg7 37. Kd3 Kf7 
38. Kc3 Ke7 39. Kb4 Kd7 40. a4 Kc7 41. a5 b6 42. axb6 Kxb6 43. f5 a5+ 
44. Kc3 gxf5 45. Nxf5 Kc5 46. Ne3 Bf7 47. Nf5 d5 48. Nd4 a4 49. Ne2 
1/2-1/2